<?xml version="1.0" encoding="UTF-8"?>
<record
    xmlns:xsi="http://www.w3.org/2001/XMLSchema-instance"
    xsi:schemaLocation="http://www.loc.gov/MARC21/slim http://www.loc.gov/standards/marcxml/schema/MARC21slim.xsd"
    xmlns="http://www.loc.gov/MARC21/slim">

  <leader>03243nam a22002177a 4500</leader>
  <controlfield tag="008">210305b           ||||| |||| 00| 0 eng d</controlfield>
  <datafield tag="020" ind1=" " ind2=" ">
    <subfield code="a">9781602581807 (hardback : alk. paper)  </subfield>
  </datafield>
  <datafield tag="020" ind1=" " ind2=" ">
    <subfield code="a">1602581800 (hardback : alk. paper) </subfield>
  </datafield>
  <datafield tag="050" ind1=" " ind2=" ">
    <subfield code="a">BS511.3</subfield>
    <subfield code="b">.R43 2009  </subfield>
  </datafield>
  <datafield tag="245" ind1=" " ind2=" ">
    <subfield code="a">Reading the Bible intertextually / </subfield>
    <subfield code="c">Richard B. Hays, Stefan Alkier, and Leroy A. Huizenga, editors.  </subfield>
  </datafield>
  <datafield tag="300" ind1=" " ind2=" ">
    <subfield code="a">xv, 334 p. :</subfield>
    <subfield code="b">ill. ;</subfield>
    <subfield code="c">334 cm. </subfield>
  </datafield>
  <datafield tag="500" ind1=" " ind2=" ">
    <subfield code="a">Includes bibliographical references and index. </subfield>
  </datafield>
  <datafield tag="505" ind1=" " ind2=" ">
    <subfield code="a">|tIntertextuality and the semiotics of biblical texts /|rStefan Alkier --|tIntertextuality and historical approaches to the use of scripture in the New Testament / |rSteve Moyise --|tHow does God act? : intertextual readings of 1 Corinthians 10 /|rMichael Schneider --        |tAllegorical readings in intertextuality : narrative abbreviations of the Adam story in Paul (Romans 1:18-28) / |rEckart Reinmuth --|tThe Matthean Jesus and the Isaac of the early Jewish encyclopedia /|rLeroy Andrew Huizenga -- |tPaul as user, interpreter and reader of the book of Isaiah /|rFlorian Wilk --|tThe liberation of Israel in luke-Acts : intertextual narration as countercultural         practice /|rRichard B. Hays --|tPsalm 113 and the song of Hannah (1 Samuel 2:1-10) : a paradigm for intertextual reading? /|rMarianne Grohmann --|tCanon as intertext : restraint or liberation? /|rGeorge Aichele --|tChristian apocalypses and their mimetic potential in pagan education : a contribution concerning Lucian's True history /|rPeter von M&#xF6;llendorf --|tNonnus and his tradition /|rThomas A. Schmitz --|tLiterary reading(s) of the Bible : aspects of a semiotic conception of intertextuality and intertextual         analysis of texts /|rMagdolna Orosz --|tReading the Bible in the context of "thick description" : reflections of a practical theologian on a phenomenological concept of contextuality /|rHans-G&#xFC;nter Heimbrock --|tNew Testament studies on the basis of categorical semiotics /|rStefan Alkier. </subfield>
  </datafield>
  <datafield tag="520" ind1=" " ind2=" ">
    <subfield code="a">Even in an era of expanding methodologies for biblical studies, psalms study seems to be stuck in the old tracks of form criticism. While often beneficial, form criticism excludes two important ways of reading the psalms: that of reading the psalms with the narratives of the Hebrew Scriptures as the historical super-scriptions suggest, and that of a feminist reading by expanding an exclusive focus on the cult. This book looks to correct these problems by investigating the psalms via intertextual method, both by         seeing the psalms as intertextual - made up of a multitude of other texts - and by reading the psalms intertextually with texts outside the psalms. This book also introduces the reader to the variety of intertextual theories in the literary guild and develops an intertextual hermeneutic of biblical study based on these theories that bridges the gap between literary theory and the practice of biblical interpretation. --From publisher's description.</subfield>
  </datafield>
  <datafield tag="630" ind1=" " ind2=" ">
    <subfield code="e">Bible</subfield>
    <subfield code="v">Congresses.  </subfield>
    <subfield code="x">Criticism, Textual</subfield>
  </datafield>
  <datafield tag="650" ind1=" " ind2=" ">
    <subfield code="a">Intertextuality in the Bible</subfield>
    <subfield code="v">Congresses.  </subfield>
  </datafield>
  <datafield tag="700" ind1=" " ind2=" ">
    <subfield code="a">Hays, Richard B.  </subfield>
  </datafield>
  <datafield tag="700" ind1=" " ind2=" ">
    <subfield code="a">Alkier, Stefan.  </subfield>
  </datafield>
  <datafield tag="700" ind1=" " ind2=" ">
    <subfield code="a">Huizenga, Leroy Andrew,</subfield>
    <subfield code="d">1974- </subfield>
  </datafield>
  <datafield tag="942" ind1=" " ind2=" ">
    <subfield code="2">lcc</subfield>
    <subfield code="c">BK</subfield>
  </datafield>
  <datafield tag="999" ind1=" " ind2=" ">
    <subfield code="c">56114</subfield>
    <subfield code="d">56114</subfield>
  </datafield>
  <datafield tag="952" ind1=" " ind2=" ">
    <subfield code="0">0</subfield>
    <subfield code="1">0</subfield>
    <subfield code="2">lcc</subfield>
    <subfield code="4">0</subfield>
    <subfield code="7">0</subfield>
    <subfield code="8">NFIC</subfield>
    <subfield code="a">BOM</subfield>
    <subfield code="b">BOM</subfield>
    <subfield code="c">GEN</subfield>
    <subfield code="d">2021-03-05</subfield>
    <subfield code="e">Donations TBN</subfield>
    <subfield code="g">7089.00</subfield>
    <subfield code="l">1</subfield>
    <subfield code="o">BS511.3 .R43 2009  </subfield>
    <subfield code="p">065383</subfield>
    <subfield code="s">2022-04-07</subfield>
    <subfield code="t">1</subfield>
    <subfield code="w">2021-03-05</subfield>
    <subfield code="y">BK</subfield>
  </datafield>
</record>
